Inflation, Akkumulation, Krise
Αποθηκεύτηκε σε:
| Άλλοι συγγραφείς: | , , |
|---|---|
| Μορφή: | Βιβλίο |
| Γλώσσα: | German |
| Δημοσίευση: |
Frankfurt am Main : Koln :
Europaische Verlagsanstalt,
1976
|
| Σειρά: | Politische, Okonomie Geschichte und Kritik ;
; 3 |
| Θέματα: | |
| Ετικέτες: |
Προσθήκη ετικέτας
Δεν υπάρχουν, Καταχωρήστε ετικέτα πρώτοι!
|
MARC
| LEADER | 00000cam a2200000 i 4500 | ||
|---|---|---|---|
| 001 | 1/7726 | ||
| 008 | 000622s1976 ger d | ||
| 020 | |a 3434301674 ((v. 1)) | ||
| 035 | |l 10062391 | ||
| 040 | |a GR-MY-UA |b gre |e aacr | ||
| 041 | 0 | |a ger | |
| 082 | 0 | |a 332.0415 | |
| 245 | 1 | 0 | |a Inflation, Akkumulation, Krise / |c mit Beitr. von Elmar Altvater ... [et al.] ; hrsg. von Elmar Altvater, Volkhard Brandes und Jochen Reiche |
| 260 | |a Frankfurt am Main : |a Koln : |b Europaische Verlagsanstalt, |c 1976 | ||
| 300 | |a 266 p. |b fig., tables | ||
| 490 | 1 | |a Politische, Okonomie Geschichte und Kritik |v ; 3 | |
| 505 | 0 | |a v.1. Inflation und Reproduktion des Kapitals | |
| 650 | 0 | 0 | |a Inflation (Finance) |
| 650 | 0 | 0 | |a Economic history |y 1971-1990. |
| 650 | 0 | 0 | |a Saving and investment. |
| 700 | 1 | |a Altvater, Elmar. |4 edt | |
| 700 | 1 | |a Brandes, Volkhard |d 1939- |4 edt | |
| 700 | 1 | |a Reiche, Jochen |d 1940- |4 edt | |
| 830 | 0 | |a Politische, Okonomie Geschichte und Kritik ; |v ; 3 | |
| 852 | |a INST |b LESVOS |e 20000622 |h 332.0415 INF |p 005100023357 |q 005100023357 |t BK |y 0 | ||
| 909 | |a Λ |b 034848 | ||
| 970 | |z 2000/06/ΟΙΚΟΝΟΜΟΠΟΥΛΟΥ ΧΡΙΣΤΙΝΑ | ||